Anime by Three Characters - Statistics

General Stats
  • This quiz has been taken 287 times
  • The average score is 11 of 17
Answer Stats
Characters Anime Name % Correct
Goku, Android 18, Frieza Dragon Ball
99%
Deku, Shoto, Tomura My Hero Academia
98%
Sasuke, Hinata, Gaara Naruto
98%
Eren, Levi, Mikasa Attack on Titan
96%
Nezuko, Akaza, Susamaru Demon Slayer: Kimetsu no Yaiba
95%
Sanji, Big Mom, Jinbei One Piece
91%
Nobara, Mahito, Aoi Jujutsu Kaizen
89%
Power, Makima, Reze Chainsaw Man
86%
Killua, Kurapika, Beans Hunter x Hunter
86%
Fiona, Donovan, Yor SPY x FAMILY
62%
Hori, Shindo, Miyamura HoriMiya
54%
Misty, Goh, Dawn Pokemon
47%
Mai, Shoko, Rio Rascal Does not Dream of Bunny Girl Senpai
23%
Eddie, Jibanyan, Bear Yo-Kai Watch
10%
Komatsu, Tina, Coco Toriko
8%
Chiyo, Sakaki, Koyomi Azumanga Daioh
7%
Chef Kawasaki, Escargoon, Tiff Kirby: Right Back at Ya!
7%
No matching quizzes found
Score Distribution
Percent of People with Each Score
Percentile by Number Answered
Your Score History
You have not taken this quiz